Spanish Verb Flashcards Quiz Stats

 Plays Quiz Updated Nov 5, 2018

Support Sporcle.
Go Orange.
Score 0/50 Timer 06:00
10 Plays Today
% Correct
escribir
85.3%
beber
84.6%
estudiar
83.7%
comer
82.9%
bailar
82.8%
jugar
80.6%
hablar
80.4%
leer
80.3%
fumar
78.5%
ir
78.2%
escuchar
77.3%
comprender
77.2%
tener
75.3%
dormir
75.2%
ayudar
74.9%
abrir
73.9%
hacer
72.8%
limpiar
71.7%
besar
71.1%
comprar
71.1%
terminar
71%
caminar
70.8%
vender
70.3%
pagar
69.4%
mirar
68.2%
% Correct
preguntar
66.9%
almorzar
65.6%
creer
65.5%
ganar
64.8%
dar
64.6%
venir
63.3%
cerrar
62.7%
aprender
62.3%
decir
60.7%
llorar
58.3%
salir
57.8%
sentir
56.4%
añadir
55.9%
olvidar
55.9%
enseñar
55.7%
ponerse
54.5%
perder
54.1%
manejar
51.5%
descansar
51%
encontrar
50.7%
estacionar
49.7%
contestar
47.1%
acostarse
46.8%
quitar
42.5%
probar
38.6%

You're not logged in!

Compare scores with friends on all Sporcle quizzes.
OR
Log In
Forgot?

From the Vault

Movies Cut Off At 'E'

by MSUKent

Movies 5m
We'll just have to see what happens after the 'E'-nding
Remove Ads.
Support Sporcle.
Get the best of Sporcle when you Go Orange. This ad-free experience offers more features, more stats, and more fun while also helping to support Sporcle. Thank you for becoming a member.

Show Comments

Extras

Top Quizzes Today


Score Distribution

Your Account Isn't Verified!

In order to create a playlist on Sporcle, you need to verify the email address you used during registration. Go to your Sporcle Settings to finish the process.

Report this User

Report this user for behavior that violates our Community Guidelines.

Details: